000
00248nam a22001097a 4500
082
_a
658.8 PHE'P
100
_a
PHELOPS, D. M
_9
58459
245
_a
PLANNING THE PRODUCT
260
_a
ILLINOIS
_b
RICAHRD D. IRWIN
_c
1947
300
_a
292P
942
_c
BK
999
_c
568656
_d
568656